| 000 | 01137cam a2200265 i 4500 | ||
|---|---|---|---|
| 003 | SA-RiAUC | ||
| 005 | 20250210074537.0 | ||
| 008 | 250208s1986 su g 000 0bara c | ||
| 040 |
_aSA-RiKSU _bara _cSA-RiAUC _erda |
||
| 082 | 0 | 4 | _a928.1 |
| 090 |
_a928.1 _bا ب ن ح |
||
| 100 | 1 |
_aابن حسين، محمد بن سعد بن محمد، _d1350 هجري- _eمؤلف. |
|
| 245 | 1 | 0 |
_aكلثوم بن عمرو العتابي / _cتأليف محمد بن سعد بن حسين. |
| 250 | _aالطبعة الأولى. | ||
| 264 | 1 |
_aالرياض : _bمحمد بن سعد بن محمد بن حسين، _c1986 |
|
| 300 |
_a188 صفحة ؛ _c24 سم |
||
| 336 |
_aنص _btxt _2rdacontent _3كتاب |
||
| 337 |
_aبدون وسيط _bn _2rdamedia |
||
| 338 |
_aمجلد _bnc _2rdacarrier |
||
| 600 | 1 | 7 |
_aالعتابي، كلثوم بن عمرو بن أيوب، _dتوفي 220 هجري _2aucnm |
| 650 | 7 |
_aالشعراء العرب _yالعصر الجاهلي _vتراجم _2aucsh |
|
| 650 | 7 |
_aالشعر العربي _xتاريخ ونقد _yالعصر الجاهلي _2aucsh |
|
| 942 |
_2ddc _cBOOK _n0 |
||
| 949 |
_aSA-JeALM _d250208 _uosman123 _n1 |
||
| 999 |
_c5781 _d5781 |
||